|
|
|
|
| LEADER |
00000nam a2200000 a 4500 |
| 001 |
vtls001462434 |
| 003 |
SK-MaSNL |
| 005 |
20260301073359.0 |
| 008 |
251113s2003 xo a r slo |
| 015 |
|
|
|a SNBA2004/04-01370
|
| 035 |
|
|
|a SNK000417741
|
| 035 |
|
|
|a urn:nbn:sk:snk-amybb5
|
| 035 |
|
|
|a urn:nbn:sk:snk-am00c8lz
|
| 035 |
|
|
|a A05A0EDF-7AF5-4EF4-9D69-F8AA301C49D9
|
| 040 |
|
|
|a SNK
|b slo
|c SNK
|e AACR2
|
| 041 |
0 |
|
|a slo
|
| 043 |
|
|
|a e-xo---
|
| 043 |
|
|
|a e------
|
| 044 |
|
|
|a xo
|c SK
|
| 072 |
|
7 |
|a 33
|2 konspekt
|
| 080 |
|
|
|a 33(437.6+4)
|2 2. slo
|
| 080 |
|
|
|a 33
|2 1981
|
| 080 |
|
|
|a (437.6)
|2 1981
|
| 080 |
|
|
|a (4)
|2 1981
|
| 080 |
|
|
|a 338
|2 1981
|
| 080 |
|
|
|a 338.46
|2 1981
|
| 080 |
|
|
|a (048.8)
|2 1981
|
| 080 |
|
|
|a (041)
|2 1981
|
| 100 |
1 |
|
|a Baláž, Vladimír
|4 aut
|9 6765
|
| 245 |
1 |
0 |
|a Poznatkovo intenzívne služby v krajinách EÚ a ich úloha v slovenskej ekonomike: Teoreticko-metodologické východiská
|c Vladimír Baláž
|
| 250 |
|
|
|a [1. vyd.]
|
| 260 |
|
|
|a Bratislava
|b Prognostický ústav SAV
|c 2003
|
| 300 |
|
|
|a 30 s.
|b sch., tab.
|c 29 cm
|
| 490 |
1 |
|
|a Pracovné materiály = Working papers ;
|v č. 2
|x 0862-9137
|
| 500 |
|
|
|a 45 výt.
|
| 504 |
|
|
|a Bibliogr. s. 27-28. Res. angl.
|
| 650 |
0 |
7 |
|a ekonomika
|z Slovensko
|x Európska únai
|x štúdie
|2 SNK
|9 394332
|
| 650 |
0 |
7 |
|a ekonómia
|z Slovensko
|2 SNK
|9 300789
|
| 650 |
0 |
7 |
|a ekonómia
|z krajiny Európskej únie
|2 SNK
|9 304593
|
| 650 |
0 |
7 |
|a ekonomická transformácia
|2 SNK
|9 4367
|
| 650 |
0 |
7 |
|a služby
|2 SNK
|9 2356
|
| 655 |
|
7 |
|a príručky
|2 SNK
|9 74364
|
| 655 |
|
7 |
|a štúdie
|2 SNK
|9 57033
|
| 655 |
|
7 |
|a brožúry
|2 SNK
|9 70146
|
| 830 |
|
0 |
|a Pracovné materiály
|9 283068
|
| 958 |
0 |
7 |
|a NB
|
| 968 |
|
|
|d 33
|
| 999 |
|
|
|c 644039
|d 645969
|
| 952 |
|
|
|t P60, <03>, [BOOK], {603}
|a SNK
|b SNK
|y PREZ
|7 0
|p 17A0403067
|o snkSB 67507
|i snkKSP 13990/2003
|0 0
|1 0
|4 0
|d 2003-10-31
|f 1
|l 0
|r 2025-04-16 00:00:00
|w 2026-02-23
|
| 952 |
|
|
|t P60, <04>, [BOOK], {604}
|a SNK
|b SNK
|y VYP
|7 0
|p 17A0403066
|o snkSB 67507 D1
|i snkKSP 13991/2003
|0 0
|1 0
|4 0
|d 2003-10-31
|l 0
|r 2005-01-02 00:00:00
|w 2026-02-23
|